Memoria exposición sumaria de la empresa minera denominada La California Española / (Record no. 189409)

MARC details
000 -LEADER
campo de control de longitud fija 00779nam a2200169 i 4500
001 - NÚMERO DE CONTROL
campo de control 189409
003 - IDENTIFICADOR DE NÚMERO DE CONTROL
campo de control ES-MaACL
005 - FECHA Y HORA DE LA ÚLTIMA TRANSACCIÓN
campo de control 20230906223451.0
008 - DATOS DE LONGITUD FIJA--INFORMACIÓN GENERAL
campo de control de longitud fija 190530s1884 sp |||| | spa d
100 1# - ENTRADA PRINCIPAL--NOMBRE DE PERSONA
Nombre de persona Noguès, Alphonse-François.
9 (RLIN) 130513
245 10 - MENCIÓN DEL TÍTULO
Título Memoria exposición sumaria de la empresa minera denominada La California Española /
Mención de responsabilidad, etc. Alfonso Francisco Nogués.
260 ## - PUBLICACIÓN, DISTRIBUCIÓN, ETC.
Lugar de publicación, distribución, etc. Sevilla :
Nombre del editor, distribuidor, etc. [s.n.],
Fecha de publicación, distribución, etc. 1884.
300 ## - DESCRIPCIÓN FÍSICA
Extensión 24 p. ;
Dimensiones 23 cm.
610 24 - PUNTO DE ACCESO ADICIONAL DE MATERIA--NOMBRE DE ENTIDAD CORPORATIVA
Nombre de entidad corporativa o nombre de jurisdicción como elemento de entrada La California Española.
9 (RLIN) 167166
650 #4 - PUNTO DE ACCESO ADICIONAL DE MATERIA--TÉRMINO DE MATERIA
Término de materia o nombre geográfico como elemento de entrada Minas de oro-
Subdivisión geográfica Andalucía.
9 (RLIN) 167165
852 ## - LOCALIZACIÓN
Ubicación ES-MaACL
Número de control de estantería B-8927(15)
Nota libre .- Legado de Federico de Botella y de Hornos
-- .- Encuadernado en un vol. facticio agrupado con el nombre en el lomo: España, geología, memorias y documentos varios 41 al 56
-- .- Ded. ms. del autor
Holdings
Estatus retirado Estado de pérdida Estado de daño No para préstamo Colección Biblioteca de origen Biblioteca actual Ubicación en estantería Fecha de adquisición Fuente de adquisición Total de préstamos Signatura topográfica completa Código de barras Visto por última vez Precio de reemplazo Tipo de ítem Koha
        Libros del s. XIX Biblioteca del Ateneo de Madrid Biblioteca del Ateneo de Madrid Sala Pardo Bazán 30/05/2019     B-8927(15) 1200680 23/02/2023 23/02/2023 Libro impreso antiguo